Normal view
MARC view
- Sharma,. C. P Dr
Entry Personal Name
001 - CONTROL NUMBER
- control field: 124192
003 - CONTROL NUMBER IDENTIFIER
- control field: NUST
005 - DATE AND TIME OF LATEST TRANSACTION
- control field: 20240708171425.0
008 - FIXED-LENGTH DATA ELEMENTS
- fixed length control field: 240708|| aca||aabn | a|a d
040 ## - CATALOGING SOURCE
- Original cataloging agency: NUST
- Transcribing agency: NUST
100 ## - HEADING--PERSONAL NAME
- Personal name: Sharma,. C. P Dr
670 ## - SOURCE DATA FOUND
- Source citation: Work cat.: (NUST): Sharma,. C. P Dr, Production Technology, 2011.
